000 00688cam a2200193 4500
001 WB3540-35
008 000000n1999 000 0 eng u
035 _a(Sirsi) u100429
245 _aThreshold raised
260 _c1999
490 _aFinancial Times
_v12 October 1999, 6(1)
520 _aGovernment has announced plans to raise the turnover threshold for statutory audits from £350,000 to £1m. It is anticipated that the change will save small businesses £500m a year in costs.
590 _aWB
650 _aSTATUTORY AUDITS
650 _aSMALL BUSINESSES
650 _aTURNOVER THRESHOLDS
690 _aMANAGEMENT-BUSINESS MANAGEMENT-PROFESSIONAL PRACTICE
942 _n0
999 _c60086
_d60086